000 01187nas a2200325 4500
001 BR8401820
003 BR-BrBNA
005 20231205085858.0
007 ta
008 230509b bl.|||p| |||| 00| 00por d
040 _aBR-BrBNA
_bpor
_cBiblioteca Nacional de Agricultura
041 _a(Pt)
072 _aF25
100 1 _aMonteiro, F.A.
100 1 _aWerner, J.C.
100 1 _aFancelli, A.L.
100 1 _aSantos, M.A. dos
245 1 _aEfeitos da aplicacao de quatro micronutrientes em centrosema cultivada em solos de Andradina e Sao Jose do Rio Preto [centrosema pubescens, boro, molibdenio, cobre, zinco, Sao Paulo, Brasil]
246 1 _aEffects of the application of four micronutrients in centrosema cultivated on soils of Andradina and Sao Jose do Rio Preto [Centrosema pubescens, boron, molybdenum, copper, zinc, Sao Paulo, Brazil]
650 _aCENTROSEMA
650 _aBORO
650 _aMOLIBDENIO
650 _aCOBRE
650 _aZINCO
650 _aADUBACAO
650 _aSAO PAULO
773 0 _tZootecnia (Brazil)
_xISSN 0044-5320
_g(Jul 1983), v. 21(3) p. 227-249
_wBR8401820
909 _a202311
_bLúcia
_c55
_dLúcia Elande
942 _2AGRIS
_n0
_cANA
999 _c114482
_d114482